ბათუმის შოთა რუსთაველის სახელმწიფო უნივერსიტეტის ბიბლიოთეკა

Le Point. №2153-2154. 19-26 decembre 2013. (ბიბ.ჩანაწერი № 41977)

000 -LEADER
fixed length control field 00417nam a2200181Ia 4500
001 - CONTROL NUMBER
control field 8661
003 - CONTROL NUMBER IDENTIFIER
control field GE_BSU
008 - FIXED-LENGTH DATA ELEMENTS--GENERAL INFORMATION
fixed length control field 181216s||||||||xx |||||||||||||| ||und||
040 ## - CATALOGING SOURCE
Transcribing agency GE_BSU
245 ## - TITLE STATEMENT
Title Le Point. №2153-2154. 19-26 decembre 2013.
245 ## - TITLE STATEMENT
Remainder of title №2153-2154.
245 ## - TITLE STATEMENT
Statement of responsibility, etc. 19-26 decembre 2013.
260 ## - PUBLICATION, DISTRIBUTION, ETC.
Place of publication, distribution, etc. Paris
260 ## - PUBLICATION, DISTRIBUTION, ETC.
Date of publication, distribution, etc. 2013
300 ## - PHYSICAL DESCRIPTION
Extent 146p.27cm. ill.
653 ## - INDEX TERM--UNCONTROLLED
Uncontrolled term Le Point
942 ## - ADDED ENTRY ELEMENTS (KOHA)
Koha item type პერიოდიკა
ეგზემპლარები
Withdrawn status Lost status Damaged status Not for loan Date acquired Barcode Date last seen Price effective from Koha item type
        2018-12-17 p76066 2018-12-17 2018-12-17 პერიოდიკა